00576 2200217 4500001002100000005001500021035002000036007000300056008004100059082000800100084001400108100001200122245006400134250001000198260004100208300003500249650001700284700002100301504002500322990001100347INLIS00000000000635220210216021943 a0010-0221000116ta210216 g 0 ind  a920 a920 HER m0 aHERLINA1 aMelangkah Diatas Amanah /cHerlina; editor, Khoen Eka Anthy acet.1 aSurabaya :bPustaka MediaGuru,c2018 aix, 83 hal. :bilus. ;c21 cm. 4aAUTOBIOGRAFI0 aKHOEN, Eka Anthy aBibliografi : hal.83 a7821 a